[Event "Panevezys op"]
[Site "Panevezys"]
[Date "2023.08.19"]
[Round "5"]
[White "Antuzis, Danielius"]
[Black "Savchenko, Vjacheslavs"]
[Result "1/2-1/2"]
[WhiteElo "1307"]
[BlackElo "1550"]
[PlyCount "77"]
[EventDate "2023.08.18"]
[EventType "swiss"]
[EventRounds "7"]
[EventCountry "LTU"]
[SourceTitle "EXT 2024"]
[Source "ChessBase"]
[SourceDate "2023.10.10"]
[SourceVersion "1"]
[SourceVersionDate "2023.10.10"]
[SourceQuality "1"]

1. e4 c5 2. Nf3 Nc6 3. Bb5 g6 4. Nc3 Bg7 5. d3 Nd4 6. Nxd4 cxd4 7. Nd5 e6 8. 0-0 exd5 9. exd5 Nf6 10. Re1+ Kf8 11. d6 a6 12. Bc4 b5 13. Bb3 Bb7 14. Bg5 h6 15. Re7 hxg5 16. Rxf7+ Kg8 17. Rxd7+ Kh7 18. Rxd8 Raxd8 19. Qd2 Rxd6 20. Qxg5 Bf8 21. Re1 Kg7 22. Re6 Rxe6 23. Bxe6 Rh5 24. Qg3 Bd5 25. Bxd5 Rxd5 26. f4 Bd6 27. Qf2 Ng4 28. Qf3 Ne3 29. g3 Bc5 30. Qe4 Kf7 31. Kf2 Rd6 32. Kf3 Re6 33. Qb7+ Kf6 34. g4 Be7 35. g5+ Kf7 36. Qc8 Nf5 37. Kg4 Ne3+ 38. Kf3 Nf5 39. Kg4 1/2-1/2